| 000 | 00621nam a2200205Ia 4500 | ||
|---|---|---|---|
| 005 | 20260121110142.0 | ||
| 008 | 008 260114s9999 xx 000 0 hin d | ||
| 020 | _a9788132356004 | ||
| 037 | _aEBOOK | ||
| 040 |
_aCRL _bhin _cCRL |
||
| 041 |
_ahin _2hin |
||
| 084 | _qCRL | ||
| 100 |
_aराकेश यादव / Rakesh Yadav _9942681 |
||
| 245 | 0 | _aछायावाद युग / Chhayavadi Yug | |
| 260 |
_bभाषा प्रकाशन / Bhasha Prakashan _c2021 |
||
| 856 | _uhttps://bhashaprakashan.com/product-details/378737 | ||
| 942 | _cEBOOK | ||
| 999 |
_c1534346 _d1534346 |
||